Every mega Pokémon - Statistics

General Stats
  • This quiz has been taken 12 times
  • The average score is 61 of 96
Answer Stats
Hint Answer % Correct
#0065 Mega Alakazam
100%
#0015 Mega Beedrill
100%
#0009 Mega Blastoise
100%
#0006 Mega Charizard X
100%
#0006 Mega Charizard Y
100%
#0149 Mega Dragonite
100%
#0115 Mega Kangaskhan
100%
#0150 Mega Mewtwo X
100%
#0150 Mega Mewtwo Y
100%
#0018 Mega Pidgeot
100%
#0003 Mega Venusaur
100%
#0359 Mega Absol
86%
#0306 Mega Aggron
86%
#0181 Mega Ampharos
86%
#0257 Mega Blaziken
86%
#0358 Mega Chimecho
86%
#0445 Mega Garchomp
86%
#0130 Mega Gyarados
86%
#0214 Mega Heracross
86%
#0229 Mega Houndoom
86%
#0154 Mega Meganium
86%
#0376 Mega Metagross
86%
#0026 Mega Raichu X
86%
#0026 Mega Raichu Y
86%
#0373 Mega Salamence
86%
#0254 Mega Sceptile
86%
#0212 Mega Scizor
86%
#0319 Mega Sharpedo
86%
#0080 Mega Slowbro
86%
#0121 Mega Starmie
86%
#0260 Mega Swampert
86%
#0071 Mega Victreebel
86%
#0807 Mega Zeraora
86%
#0142 Mega Aerodactyl
71%
#0036 Mega Clefable
71%
#0160 Mega Feraligatr
71%
#0670 Mega Floette
71%
#0282 Mega Gardevoir
71%
#0362 Mega Glalie
71%
#0380 Mega Latias
71%
#0381 Mega Latios
71%
#0448 Mega Lucario
71%
#0310 Mega Manectric
71%
#0303 Mega Mawile
71%
#0308 Mega Medicham
71%
#0127 Mega Pinsir
71%
#0302 Mega Sableye
71%
#0208 Mega Steelix
71%
#0248 Mega Tyranitar
71%
#0460 Mega Abomasnow
57%
#0359 Mega Absol Z
57%
#0334 Mega Altaria
57%
#0531 Mega Audino
57%
#0323 Mega Camerupt
57%
#0652 Mega Chesnaught
57%
#0655 Mega Delphox
57%
#0719 Mega Diancie
57%
#0604 Mega Eelektross
57%
#0500 Mega Emboar
57%
#0478 Mega Froslass
57%
#0475 Mega Gallade
57%
#0445 Mega Garchomp Z
57%
#0094 Mega Gengar
57%
#0658 Mega Greninja
57%
#0428 Mega Lopunny
57%
#0384 Mega Rayquaza
57%
#0689 Mega Barbaracle
43%
#0998 Mega Baxcalibur
43%
#0491 Mega Darkrai
43%
#0780 Mega Drampa
43%
#0970 Mega Glimmora
43%
#0701 Mega Hawlucha
43%
#0485 Mega Heatran
43%
#0448 Mega Lucario Z
43%
#0801 Mega Magearna
43%
#0687 Mega Malamar
43%
#0952 Mega Scovillain
43%
#0560 Mega Scrafty
43%
#0227 Mega Skarmory
43%
#0718 Mega Zygarde
43%
#0354 Mega Banette
29%
#0609 Mega Chandelure
29%
#0740 Mega Crabominable
29%
#0691 Mega Dragalge
29%
#0530 Mega Excadrill
29%
#0768 Mega Golisopod
29%
#0623 Mega Golurk
29%
#0678 Mega Meowstic
29%
#0545 Mega Scolipede
29%
#0398 Mega Staraptor
29%
#0978 Mega Tatsugiri (Curly)
29%
#0978 Mega Tatsugiri (Droopy)
29%
#0978 Mega Tatsugiri (Stretchy)
29%
#0870 Mega Falinks
14%
#0668 Mega Pyroar
14%
#0801 Mega Original Color Magearna
0%
No matching quizzes found
Score Distribution
Percent of People with Each Score
Percentile by Number Answered
Your Score History
You have not taken this quiz